[Event "Aragon-ch Seniors 65+"]
[Site "Zaragoza"]
[Date "2018.05.26"]
[Round "6"]
[White "Ubeda Gimeno, Angel"]
[Black "Obis Sanchez, Joaquin"]
[Result "1-0"]
[WhiteElo "1492"]
[BlackElo "1252"]
[PlyCount "71"]
[EventDate "2018.04.21"]
[EventType "swiss"]
[EventRounds "8"]
[EventCountry "ESP"]
[SourceTitle "EXT 2020"]
[Source "ChessBase"]
[SourceDate "2019.10.17"]
[SourceVersion "1"]
[SourceVersionDate "2019.10.17"]
[SourceQuality "1"]

1. Nf3 Nf6 2. d4 d5 3. e3 Bg4 4. Be2 e6 5. 0-0 c5 6. b3 Nc6 7. Bb2 cxd4 8. exd4 Bd6 9. Nbd2 0-0 10. Ne5 Bxe2 11. Qxe2 Qc7 12. f4 Rae8 13. c4 b6 14. Rac1 Qb7 15. cxd5 exd5 16. Qb5 Nb8 17. Rf3 Qa6 18. a4 Qxb5 19. axb5 a6 20. bxa6 Nxa6 21. Rc6 Bc7 22. Ba3 h6 23. Bxf8 Rxf8 24. b4 Bxe5 25. fxe5 Nd7 26. b5 Nb4 27. Rd6 Rd8 28. Rg3 Kh7 29. h4 Nc2 30. Rxd5 Nb4 31. Rd6 Na2 32. Rf3 Nxe5 33. Rxd8 Nxf3+ 34. Nxf3 Nc3 35. Rb8 Nxb5 36. Rxb6 1-0

[Event "Aragon-ch Seniors 65+"]
[Site "Zaragoza"]
[Date "2018.05.12"]
[Round "4"]
[White "Marin Fuertes, Angel Maria"]
[Black "Ubeda Gimeno, Angel"]
[Result "1-0"]
[WhiteElo "1692"]
[BlackElo "1492"]
[PlyCount "35"]
[EventDate "2018.04.21"]
[EventType "swiss"]
[EventRounds "8"]
[EventCountry "ESP"]
[SourceTitle "EXT 2020"]
[Source "ChessBase"]
[SourceDate "2019.10.17"]
[SourceVersion "1"]
[SourceVersionDate "2019.10.17"]
[SourceQuality "1"]

1. e4 c5 2. Nf3 d6 3. d4 cxd4 4. Nxd4 Nf6 5. Nc3 a6 6. Bg5 e6 7. f4 Nc6 8. Nxc6 bxc6 9. e5 h6 10. Bh4 g5 11. fxg5 Nd7 12. exd6 hxg5 13. Bg3 Qb6 14. Na4 Qa7 15. Bc4 Nb6 16. Bf2 Rb8 17. Qd4 Rh4 18. Bxh4 1-0

[Event "Aragon-ch Seniors"]
[Site "Zaragoza"]
[Date "2015.05.23"]
[Round "6"]
[White "Samper Alarcon, Julio Alfredo"]
[Black "Ubeda Gimeno, Angel"]
[Result "1-0"]
[WhiteElo "1620"]
[BlackElo "1512"]
[PlyCount "89"]
[EventDate "2015.04.18"]
[EventType "swiss"]
[EventRounds "8"]
[EventCountry "ESP"]
[SourceTitle "EXT 2017"]
[Source "ChessBase"]
[SourceDate "2016.10.25"]
[SourceVersion "1"]
[SourceVersionDate "2016.10.25"]
[SourceQuality "1"]

1. e4 c5 2. Nf3 d6 3. d4 cxd4 4. Nxd4 Nf6 5. Nc3 a6 6. f3 e5 7. Nb3 Be6 8. Be3 Be7 9. Nd5 Nxd5 10. exd5 Bf5 11. Bd3 Bxd3 12. Qxd3 Nd7 13. 0-0 Bg5 14. f4 exf4 15. Bxf4 Bxf4 16. Rxf4 0-0 17. Raf1 Nf6 18. c4 b5 19. Kh1 Qb6 20. Nd2 Rae8 21. R4f3 Ng4 22. Qc3 Re3 23. Rxe3 Qxe3 24. Qxe3 Nxe3 25. Rf4 Re8 26. h3 bxc4 27. Nxc4 Nxd5 28. Rd4 Nf6 29. Rxd6 h6 30. Rxa6 Re1+ 31. Kh2 Ne4 32. Nd6 Ng5 33. b4 Re2 34. Ra3 f6 35. b5 Ne4 36. Nxe4 Rxe4 37. Rb3 Ra4 38. a3 Ra8 39. b6 Kf7 40. b7 Rb8 41. Kg3 Ke7 42. Kf4 g6 43. g4 Kd7 44. h4 Kc7 45. h5 1-0

[Event "Aragon-ch Seniors"]
[Site "Zaragoza"]
[Date "2015.05.02"]
[Round "3"]
[White "Ubeda Gimeno, Angel"]
[Black "Cortes Sobrevilla, Cecilio"]
[Result "0-1"]
[WhiteElo "1512"]
[BlackElo "1678"]
[PlyCount "77"]
[EventDate "2015.04.18"]
[EventType "swiss"]
[EventRounds "8"]
[EventCountry "ESP"]
[SourceTitle "EXT 2017"]
[Source "ChessBase"]
[SourceDate "2016.10.25"]
[SourceVersion "1"]
[SourceVersionDate "2016.10.25"]
[SourceQuality "1"]

1. d4 e6 2. Nf3 b6 3. e3 Nf6 4. g3 Bb7 5. Bg2 Be7 6. 0-0 h5 7. Nbd2 Nh7 8. Ne5 Nc6 9. Nxc6 Bxc6 10. Bxc6 dxc6 11. Qxh5 Qd7 12. Nc4 g6 13. Qg4 Nf6 14. Qf3 Qd5 15. Qxd5 cxd5 16. Ne5 Bd6 17. Nf3 0-0-0 18. Ng5 Rd7 19. a4 a6 20. Kg2 Rh5 21. h4 Nh7 22. f4 Re7 23. b3 f6 24. Nf3 e5 25. Ba3 e4 26. Bxd6 exf3+ 27. Kxf3 cxd6 28. g4 Rxh4 29. Kg3 g5 30. fxg5 fxg5 31. Rf5 Rxe3+ 32. Kf2 Rc3 33. Rc1 Rxg4 34. Rxd5 Rf4+ 35. Kg2 Kd7 36. b4 Rg4+ 37. Kf2 Nf6 38. Rf5 Ke6 39. Rf3 0-1